[Event "Pan American-ch School U17 Girls 12th"]
[Site "Callao"]
[Date "2023.10.16"]
[Round "2"]
[White "Sumaria Choqueluque, Nikole Ange"]
[Black "Quispe Bernal, Stephanie"]
[Result "1-0"]
[WhiteElo "1298"]
[BlackElo "1094"]
[PlyCount "61"]
[EventDate "2023.10.16"]
[EventType "swiss"]
[EventRounds "9"]
[EventCountry "PER"]
[SourceTitle "Mega2024 Update 01"]
[Source "Chessbase"]
[SourceDate "2023.11.12"]
[SourceVersion "1"]
[SourceVersionDate "2023.11.12"]
[SourceQuality "1"]

1. c4 e5 2. g3 Nf6 3. Bg2 Bc5 4. e3 c6 5. Ne2 d5 6. cxd5 Nxd5 7. d4 Bd6 8. 0-0 Be6 9. e4 Nf6 10. Qc2 Nbd7 11. dxe5 Nxe5 12. f4 Nc4 13. h3 Qb6+ 14. Kh2 Bc5 15. f5 Ne3 16. Bxe3 Bxe3 17. fxe6 fxe6 18. Qb3 0-0 19. Qxb6 Bxb6 20. Nd2 Bc7 21. Nc4 b5 22. Ne3 Rad8 23. Rfd1 Nxe4 24. Rxd8 Bxd8 25. Nf4 Nc5 26. Bxc6 Bg5 27. Bxb5 Bxf4 28. gxf4 Rxf4 29. b3 e5 30. Rf1 Re4 31. Bc4+ 1-0